000 00669nam a2200241Ia 4500
003 OSt
005 20220925211008.0
006 a|||||r|||| 00| 0
007 ta
008 220923b |||||||| |||| 00| 0 eng d
020 _a8170335551
037 _cGeneral Book
040 _aRTL
_cRTL
_beng
041 _2eng
_aeng
100 _aSingh Yogendra
245 0 _aCulture change in India
_b Identity and globalization
260 _aJaipur
_bRawat Publication
_c2000
300 _a260p Bibliography chapterwise
_ccm.
650 _a Sociology
650 _aCulture and Civilization
942 _cGB
_2CC
999 _c556451
_d556451